Skvosty v DIADEME

Podrobná bibliografia
Hlavný autor: Kompauerová, Elena (Autor)
Médium: Článok
Jazyk:slovenčina
Fyzický popis:Fot. 2.
Predmet:

MARC

LEADER 00000nab a2200000 a 4500
001 vtls000458999
003 SK-MaSNL
005 20260303210707.0
008 120926c1992 xo 0 slo
015 |a SNBRB19rr/mm-uuuuu 
035 |a CL0459131 
040 |a SNKBUCL  |b slo  |c SNKBUCL  |e AACR2 
041 0 |a slo 
044 |a xo  |c SK 
080 |a 655:681.3.06  |2 1981 
080 |a 681.3.06  |2 1981 
100 1 |a Kompauerová, Elena  |4 aut  |9 962596 
245 1 0 |a Skvosty v DIADEME  |c Elena Kompauerová 
300 |b Fot. 2. 
650 0 7 |a polygrafia  |2 snkbucl  |9 31181 
650 0 7 |a technika reprodukčná  |2 snkbucl  |9 970354 
650 0 7 |a polygrafická stranová montáž  |2 snkbucl  |9 1242765 
650 0 7 |a Carat 560 (systém montážny elektronický)  |2 snkbucl  |9 1242766 
655 7 |a články z novín a časopisov  |2 snkbucl  |9 267496 
773 0 |t Technické noviny  |g Roč. 40, č. 26 (1992), s. 5 
850 |a Slovenská národná knižnica v Martine  |a MTA001 
852 |a SNK  |b KIS3GCP 
958 |a RK 
992 |a RBX 
999 |c 2201264  |d 2203194